<An> analysis of the finite element method

Salvato in:
Dettagli Bibliografici
Autore principale: Strang, Gilbert
Altri autori: Fix, George J.
Natura: Libro
Lingua:inglese
Pubblicazione: Englewood Cliffs Prentice Hall 1973
Tags: Aggiungi Tag
Nessun Tag, puoi essere il primo ad aggiungerne!!

MARC

LEADER 00000nam a2200000 4500
001 c109353
005 20150325105448.1
041 0 |a eng 
044 |a US 
245 1 0 |a <An> analysis of the finite element method  |c Gilbert Strang, George J. Fix 
264 1 |a Englewood Cliffs  |b Prentice Hall  |c 1973 
300 |a 306 s. 
100 1 |a Strang, Gilbert 
700 1 |a Fix, George J.